[Event "Niedersachsen-ch Seniors 35th"]
[Site "Wingst"]
[Date "2001.04.08"]
[Round "6"]
[White "Durst, Uwe"]
[Black "Assmann, Robert"]
[Result "1/2-1/2"]
[WhiteElo "2051"]
[BlackElo "1898"]
[PlyCount "42"]
[EventDate "2001.04.??"]
[EventType "swiss"]
[EventRounds "9"]
[EventCountry "GER"]
[SourceTitle "EXT 2006"]
[Source "ChessBase"]
[SourceDate "2005.11.24"]
[SourceVersion "1"]
[SourceVersionDate "2005.11.24"]
[SourceQuality "1"]

1. c4 Nf6 2. g3 e6 3. Bg2 d5 4. Nf3 dxc4 5. Qa4+ Bd7 6. Qxc4 Bc6 7. 0-0 Nbd7 8. d3 Nb6 9. Qc2 Be7 10. Nbd2 0-0 11. Nb3 Ba4 12. Be3 Nfd5 13. Bc5 Bxb3 14. axb3 Bxc5 15. Qxc5 Qd6 16. Rfc1 Qxc5 17. Rxc5 c6 18. Ne5 a6 19. Rcc1 Nf6 20. Nc4 Nbd5 21. Na5 Rab8 1/2-1/2

[Event "Niedersachsen-ch Seniors 35th"]
[Site "Wingst"]
[Date "2001.04.07"]
[Round "5"]
[White "Durst, Uwe"]
[Black "Bodenstein, Joachim"]
[Result "1/2-1/2"]
[WhiteElo "2051"]
[BlackElo "1953"]
[PlyCount "33"]
[EventDate "2001.04.??"]
[EventType "swiss"]
[EventRounds "9"]
[EventCountry "GER"]
[SourceTitle "EXT 2006"]
[Source "ChessBase"]
[SourceDate "2005.11.24"]
[SourceVersion "1"]
[SourceVersionDate "2005.11.24"]
[SourceQuality "1"]

1. c4 e6 2. g3 d5 3. Bg2 dxc4 4. Qa4+ Nd7 5. Qxc4 Ngf6 6. Nc3 a6 7. d4 c5 8. Nf3 b5 9. Qd3 Bb7 10. 0-0 cxd4 11. Qxd4 Bc5 12. Qh4 Be7 13. Qd4 Qa5 14. Ne5 Bc5 15. Qf4 Bxg2 16. Kxg2 0-0 17. Nxd7 1/2-1/2

[Event "Niedersachsen-ch Seniors 35th"]
[Site "Wingst"]
[Date "2001.04.??"]
[Round "8"]
[White "Grams, Arthur"]
[Black "Durst, Uwe"]
[Result "0-1"]
[WhiteElo "1734"]
[BlackElo "2051"]
[PlyCount "80"]
[EventDate "2001.04.??"]
[EventType "swiss"]
[EventRounds "9"]
[EventCountry "GER"]
[SourceTitle "EXT 2006"]
[Source "ChessBase"]
[SourceDate "2005.11.24"]
[SourceVersion "1"]
[SourceVersionDate "2005.11.24"]
[SourceQuality "1"]

1. Nf3 Nf6 2. d4 g6 3. c4 Bg7 4. Nc3 0-0 5. e4 d6 6. Be3 Ng4 7. Bf4 c5 8. h3 cxd4 9. Ne2 Ne5 10. Nexd4 Nxf3+ 11. Nxf3 Bxb2 12. Rb1 Bg7 13. Bd3 Qa5+ 14. Nd2 Nd7 15. 0-0 Qxa2 16. Nb3 Qa4 17. Qe2 b6 18. Nd2 Bb7 19. Nf3 Nc5 20. Bc2 Qd7 21. Rfd1 Ne6 22. Bg3 Qc7 23. Bd3 Rac8 24. Qa2 Qb8 25. Re1 Qa8 26. Nd2 Nc5 27. Qc2 Bc6 28. Nf1 Rfd8 29. f3 e6 30. Qe2 Rb8 31. Red1 Rbc8 32. Bc2 Qb8 33. Kh2 Ba4 34. Ne3 Bxc2 35. Nxc2 Na4 36. Be1 d5+ 37. Bg3 Be5 38. f4 Bxf4 39. Rb3 Bxg3+ 40. Rxg3 Nc3 0-1